Stres a time manažment

Definícia stresu. Faktory - stresory, ktoré vyvolávajú stres. Eliminovanie stresu v práci. Time management.

Na minha lista:
Detalhes bibliográficos
Autor principal: Záležáková, Eliška
Formato: Capítulo de Livro
Idioma:eslovaco
Assuntos:
Tags: Adicionar Tag
Sem tags, seja o primeiro a adicionar uma tag!

MARC

LEADER 00000nla a2200000 4500
001 0222519
005 20240502073637.6
041 0 |a slo 
044 |a SK 
245 1 0 |a Stres a time manažment  |c Eliška Záležáková 
520 |a Definícia stresu. Faktory - stresory, ktoré vyvolávajú stres. Eliminovanie stresu v práci. Time management. 
610 2 0 |a riadenie času 
610 2 0 |a manažment 
610 2 0 |a práca 
610 2 0 |a pracovisko 
610 2 0 |a stresy 
100 1 |a Záležáková, Eliška